• 首页
  • 本馆介绍
  • 公告通知
  • 最新文献
  • 馆藏检索
  • 电子资源
  • 读者导购
  • 参考咨询
  • 我的图书馆
  • 登录
  • 详细信息显示
  • 放入我的书架
  • 预约/预借图书
  • 作者相关作品
  • 分类相关作品
  • 丛书相关作品
  • 出版社相关作品

书目信息

  • 表格格式
  • 工作单格式
  • 卡片格式
题名:
鲁棒控制中的正交化方法及其应用
    
 
作者: 赵晓东 著
分册:  
出版信息: 北京   科学出版社  2011.10
页数: 168页
开本: 24cm
丛书名:
单 册:
中图分类: TP13
科图分类:
主题词: 正交化--应用--鲁棒控制
电子资源:
ISBN: 978-7-03-032419-1
000 00997nam0 2200229 450
001 0400003726
005 20171022131102.0
010    @a978-7-03-032419-1@dCNY45.00
100    @a20111124e20172011em y0chiy50 ea
101 0  @achi
102    @aCN@b110000
105    @ay z 000yy
106    @ar
200 1  @a鲁棒控制中的正交化方法及其应用@9lu bang kong zhi zhong de zheng jiao hua fang fa ji qi ying yong@f赵晓东著
210    @a北京@c科学出版社@d2011.10@h2017.1
215    @a168页@d24cm
330    @a本书主要讨论正交有理函数及其在鲁棒控制中的应用。从控制理论中的Jury稳定判据出发,构造真有理函数空间的正交基,利用该组正交基研究Hankel算子的矩阵表达形式及其奇异值分解问题,研究最优与次最优的Nehari问题,给出该问题矩阵代数解的形式并统一该问题解的表达形式,得到最优与次最优的Hankel逼近问题的统一形式的解,并研究鲁棒控制器设计问题。
606 0  @a正交化@x应用@x鲁棒控制
690    @aTP13@v4
701  0 @a赵晓东@9zhao xiao dong@4著
801  0 @aCN@b91MARC@c20171022
905    @b1023045-9@dTP13@f5@e123
    
    鲁棒控制中的正交化方法及其应用/赵晓东著.-北京:科学出版社,2011.10(2017.1)
    168页;24cm
    
    
    ISBN 978-7-03-032419-1:CNY45.00
    本书主要讨论正交有理函数及其在鲁棒控制中的应用。从控制理论中的Jury稳定判据出发,构造真有理函数空间的正交基,利用该组正交基研究Hankel算子的矩阵表达形式及其奇异值分解问题,研究最优与次最优的Nehari问题,给出该问题矩阵代数解的形式并统一该问题解的表达形式,得到最优与次最优的Hankel逼近问题的统一形式的解,并研究鲁棒控制器设计问题。
●
相关链接 在E读中查询图书 在五车中查询图书 在当当中查询图书 在豆瓣中查询图书


正题名:鲁棒控制中的正交化方法及其应用     索取号:TP13/123         预约/预借

序号 登录号 条形码 馆藏地/架位号 状态 备注
1 1023045   210230454   第二样本阅览室/ [索取号:TP13/123] 在馆    
2 1023046   210230463   密集书库—计算机科学学院/ [索取号:TP13/123] 在馆    
3 1023047   210230472   第三借阅区/ [索取号:TP13/123] 在馆    
4 1023048   210230481   第三借阅区/ [索取号:TP13/123] 在馆    
5 1023049   210230490   第三借阅区/ [索取号:TP13/123] 在馆    
唐山师范学院图书馆 欢迎您!
大连网信软件有限公司© 版权所有